Biotopy a ich aplikácia v územných systémoch ekologickej stability

Bibliographic Details
Main Author: Diviaková, Andrea, 1973- (Author)
Format: Software eBook
Language:Slovak
PhysicalDescription:1 elektronický optický disk (DVD) fareb. 12 cm
Published: Banská Štiavnica Katedra UNESCO pre trvalo udržateľný rozvoj 2011
ISBN:9788089585090
Edition:1. vyd.
Subjects:

MARC

LEADER 00000nam a2200000 a 4500
001 vtls010465133
003 SK-MaSNL
005 20260425235811.0
007 co cg auuua
008 251104s2011 xo | fsp 000 0 slo
015 |a SNBS2015 
020 |a 9788089585090  |q (elektronická kniha) 
040 |a SNK  |b slo  |c SNK  |e AACR2 
041 0 |a slo 
043 |a e-xo--- 
044 |a xo  |c SK 
072 7 |a 502  |x Životné prostredie a jeho ochrana  |2 konspekt 
072 7 |a 574  |x Všeobecná ekológia  |2 konspekt 
080 |a 574.2  |2 2001 
080 |a 502.5:574.038  |2 2001 
080 |a 528.94  |2 2001 
080 |a (437.6)  |2 2001 
080 |a (075.8)  |2 2001 
080 |a (0.034.44)  |2 2001 
100 1 |a Diviaková, Andrea,  |d 1973-  |4 aut  |9 192402 
245 1 0 |a Biotopy a ich aplikácia v územných systémoch ekologickej stability  |h elektronický zdroj  |c Andrea Diviaková 
250 |a 1. vyd. 
260 |a Banská Štiavnica  |b Katedra UNESCO pre trvalo udržateľný rozvoj  |c 2011 
300 |a 1 elektronický optický disk (DVD)  |b fareb.  |c 12 cm 
500 |a Názov z titulnej obrazovky 
504 |a Bibliogr. odkazy 
516 |a Textový dokument (učebnica), súbor vo formáte pptx 
536 |a Projekt KEGA č. 410-010 TUZVO-4/2010 
538 |a Technické požiadavky: prezentačný softvér 
650 0 7 |a biotopy  |2 SNKPH  |9 3901 
650 0 7 |a ekologická rovnováha krajiny  |2 SNKPH  |9 4188 
650 0 7 |a mapovanie vegetácie  |2 SNKPH  |9 545848 
650 0 7 |a Biotopes  |2 SNKPHeng  |9 324531 
650 0 7 |a Landscape ecological balance  |2 SNKPHeng  |9 422985 
650 0 7 |a Vegatation mapping  |2 SNKPHeng  |9 545849 
651 7 |a Slovensko  |2 SNKPH  |9 14231 
651 7 |a Slovakia  |2 SNKPHeng  |9 92630 
655 7 |a DVD  |2 SNKPH  |9 70751 
655 7 |a učebnice vysokých škôl  |2 SNKPH  |9 70191 
655 7 |a elektronické zdroje  |2 SNKPH  |9 90954 
655 7 |a Electronic resources  |2 SNKPHeng  |9 175546 
655 7 |a Textbooks (higher)  |2 SNKPHeng  |9 276436 
710 2 |a Technická univerzita vo Zvolene.  |b Fakulta ekológie a environmentalistiky.  |b Katedra UNESCO pre ekologické vedomie a trvalo udržateľný rozvoj v Banskej Štiavnici  |4 pbl  |9 178909 
919 |a 978-80-89585-09-0 
958 |a NB 
999 |c 838539  |d 840469 
952 |a SNK  |b SNK  |y PREZ  |7 0  |p 17A1055511  |o snkSDVD 1527  |i snk2012/22088  |8 0  |0 0  |1 0  |4 0  |d 2012-10-30  |l 0  |r 2026-02-24 04:01:41  |w 2026-02-24 
952 |t snkBIO 574.2  |a SNKMST  |b SNKMST  |y PREZ  |7 0  |p 17A1055510  |o snkSDVD 1527 D1  |i snk2012/22089  |8 0  |0 0  |1 0  |4 0  |d 2012-10-30  |l 0  |r 2025-08-12 00:00:00  |w 2026-02-24